| 000 | 00744nac a22002415a 4500 | ||
|---|---|---|---|
| 005 | 20201128013338.0 | ||
| 008 | 081126t2005 ii frb 001 0 eng d | ||
| 020 | _a8120327071 | ||
| 020 | _a9788120327078 | ||
| 040 |
_aEG-ScBUE _beng _cEG-ScBUE |
||
| 082 | 0 | 4 |
_a657.45 _bKUM _222 |
| 100 | 1 |
_aKumar, Ravinder. _91345 |
|
| 245 | 1 | 0 |
_aAuditing : _bprinciples and practice / _cRavinder Kumar, Virender Sharma. |
| 260 |
_aNew Delhi : _bPrentice Hall of India, _c2005. |
||
| 300 |
_axix, 639 p. ; _c24 cm. |
||
| 500 | _aIndex : p. 633-639. | ||
| 504 | _aIncludes bibliographical references. | ||
| 650 | 0 |
_aAuditing. _2BUEsh |
|
| 651 | _2BUEsh | ||
| 653 |
_bBUSADM _cOctober2016 |
||
| 700 | 1 |
_aSharma, Virender. _91346 |
|
| 942 | _2ddc | ||
| 999 |
_c7323 _d7323 |
||